000 00333cam a22001217a 4500
008 180718b1958 xxu||||| |||| 00| 0 eng d
082 _aD49 M318
100 _aManstein, Erich Von
245 _aLost victories
_cby Erich Von Manstein
260 _aLondon
_bMethuen
_c1958
300 _a574p.
650 _aWorld War, 1939-1945 --Campaigns
999 _c372968
_d372968